000 00199 a2200097 4500
001 46260
100 _aPignatti
245 _aVenice
260 _aLondo
_bThames and Hudson
_c
090 _c29368
_d29368
942 _aNUST-CAE
_cM
_c21522
999 _c281333
_d281333